Score 0/20 Timer 04:00
0 Plays Today
Location President % Correct
Little Rock, ARBill Clinton
96.5%
Springfield, ILAbraham Lincoln
91.7%
Atlanta, GAJimmy Carter
90.3%
Simi Valley, CARonald Reagan
89.6%
Ann Arbor/Grand Rapids, MIGerald Ford
88.9%
College Station, TXGeorge H.W. Bush
88.9%
Austin, TXLyndon B. Johnson
88.2%
University Place, TXGeorge W. Bush
88.2%
Hyde Park, NYFranklin D. Roosevelt
87.5%
Independence, MOHarry Truman
81.9%
Location President % Correct
Quincy, MAJohn Quincy Adams
80.6%
Yorba Linda, CA/College Park, MDRichard M. Nixon
77.8%
Dorchester, MAJohn F. Kennedy
72.9%
Abilene, KSDwight D. Eisenhower
71.5%
West Branch, IAHerbert Hoover
63.9%
Canton, OHWilliam McKinley
46.5%
Staunton, VAWoodrow Wilson
46.5%
Greeneville, TNAndrew Johnson
45.8%
Northampton, MACalvin Coolidge
44.4%
Fremont, OHRutherford B. Hayes
43.1%
Remove Ads.
Support Sporcle.
Get the best of Sporcle when you Go Orange. This ad-free experience offers more features, more stats, and more fun while also helping to support Sporcle. Thank you for becoming a member.

You're not logged in!

Compare scores with friends on all Sporcle quizzes.
OR
Log In

Show Comments

Extras

Top Quizzes Today


Score Distribution

Your Account Isn't Verified!

In order to create a playlist on Sporcle, you need to verify the email address you used during registration. Go to your Sporcle Settings to finish the process.

Report this User

Report this user for behavior that violates our Community Guidelines.

Details: